000 00336nam a2200109Ia 4500
008 171204s9999 xx 000 0 und d
245 _aPet Photography: The Secrets to Creating Authentic Pet Portraits:
245 _cNorah Levine
260 _c2016
650 _xBasic Photography
856 _uhttp://down.ebook777.com/037/1681980975.pdf
999 _c346264
_d346264